Artists with the Most Top 40 Hits in 2021 - Statistics

General Stats
  • This quiz has been taken 136 times
  • The average score is 11 of 27
Answer Stats
# Song Artist % Correct
10 good 4 u Olivia Rodrigo
83%
6 Peaches Justin Bieber
81%
3 Save Your Tears The Weeknd
80%
3 Bad Habits Ed Sheeran
78%
3 Montero Lil Nas X
74%
6 Easy On Me Adele
71%
25 Way 2 Sexy Drake
71%
4 positions Ariana Grande
69%
8 All Too Well Taylor Swift
66%
5 Happier Than Ever Billie Eilish
65%
3 Butter BTS
62%
5 Kiss Me More Doja Cat
58%
3 Leave The Door Open Silk Sonic
56%
12 Hurricane Kanye West
35%
3 Body Megan Thee Stallion
30%
12 my.life J. Cole
22%
3 Rapstar Polo G
22%
5 Wasted On You Morgan Wallen
20%
6 On Me Lil Baby
16%
3 Forever After All Luke Combs
16%
4 Already Dead Juice WRLD
11%
3 Wockesha Moneybagg Yo
6%
3 Tombstone Rod Wave
6%
3 Having Our Way Migos
4%
3 Bad Morning YoungBoy Never Broke Again
3%
3 Solid Young Thug
2%
3 No Love Summer Walker
1%
No matching quizzes found
Score Distribution
Percent of People with Each Score
Percentile by Number Answered
Your Score History
You have not taken this quiz